000 00299nam a22001337a 4500
008 170908b xxu||||| |||| 00| 0 eng d
020 _a9780131014725
041 _aeng
080 _23RD
_a91
100 _a42
101 _aGJEO
245 _aTHE GEOGRAPHY COLORING BOOK
_cKAPIT,W
942 _2udc
_cBK
999 _c26828
_d26828